000 00693nam a2200193 a 4500
003 0
005 20250224110652.0
008 101112s19uu xx 00 eng d
050 _aPHS HQ 748
_b.Og9 2010
100 _aOguro, Yuta.
245 _aPositive sibling relationship of students with OCW parents /
_cYuta Oguro.
260 _aLas PiƱas City, Philippines :
_bSouthville International School and Colleges,
_c2010.
300 _a21 pages ;
_c30 cm.
504 _aIncludes bibliographical references.
650 _aSiblings
_xPsychology.
650 _aFamily relationships
_xChildren of migrant workers.
650 _aOverseas Filipino Workers
_xFamily relationships.
942 _2lcc
_cPASS
999 _c98494
_d98494